Statistics for Five Biggest Cities in Random Organisations

Click here to take the quiz!

General Stats

  • This quiz has been taken 81 times
  • The average score is 24 of 30

Answer Stats

UnionPopulationCity% Correct
Benelux2,431,000Amsterdam
100%
Benelux1,200,000Antwerp
100%
OPEC7,315,000Baghdad
100%
Arab League7,315,000Baghdad
100%
ASEAN16,045,000Bangkok
100%
Mercosur9,286,225Bogotá
100%
Benelux2,500,000Brussels
100%
Mercosur13,693,657Buenos Aires
100%
African Union16,925,000Cairo
100%
Arab League16,925,000Cairo
100%
Organization of Islamic Cooperation16,925,000Cairo
100%
East African Community5,550,000Dar es Salaam
100%
United Nations28,125,000Delhi
100%
Non-Aligned Movement28,125,000Delhi
100%
Non-Aligned Movement18,595,000Dhaka
100%
Commonwealth of Nations18,595,000Dhaka
100%
ASEAN10,955,000Ho Chi Minh City
100%
Council of Europe13,860,000Istanbul
100%
NATO13,860,000Istanbul
100%
Organization of Islamic Cooperation34,365,000Jakarta
100%
Non-Aligned Movement34,365,000Jakarta
100%
ASEAN34,365,000Jakarta
100%
United Nations34,365,000Jakarta
100%
East African Community3,125,000Kampala
100%
East African Community1,040,000Kigali
100%
African Union12,960,000Kinshasa
100%
ASEAN7,860,000Kuala Lumpur
100%
Mercosur9,904,727Lima
100%
European Union6,550,000Madrid
100%
Non-Aligned Movement25,065,000Manila
100%
ASEAN25,065,000Manila
100%
United Nations25,065,000Manila
100%
Non-Aligned Movement23,645,000Mumbai
100%
East African Community5,350,000Nairobi
100%
European Union11,400,000Paris
100%
Mercosur13,131,431Rio de Janeiro
100%
Arab League6,050,000Riyadh
100%
OPEC6,050,000Riyadh
100%
Benelux2,620,000Rotterdam
100%
Mercosur21,090,792São Paulo
100%
OPEC14,630,000Tehran
100%
Benelux1,054,793The Hague
100%
United Nations38,505,000Tokyo
100%
African Union14,630,000Lagos
83%
Arab League5,086,000Alexandria
75%
Organization of Islamic Cooperation18,595,000Dhaka
75%
Organization of Islamic Cooperation16,900,000Karachi
75%
Arab League5,685,000Khartoum
75%
Organization of Islamic Cooperation14,630,000Lagos
75%
European Union6,200,000Milan
75%
Commonwealth of Nations28,125,000Delhi
67%
African Union9,335,000Johannesburg
67%
Commonwealth of Nations16,900,000Karachi
67%
Commonwealth of Nations15,215,000Kolkata
67%
NATO10,840,000London
67%
NATO15,440,000Los Angeles
67%
African Union7,645,000Luanda
67%
Commonwealth of Nations23,645,000Mumbai
67%
NATO21,045,000New York City
67%
NATO10,960,000Paris
67%
East African Community1,047,000Bujumbura
50%
European Union5,000,000Cologne
50%
Council of Europe10,840,000London
50%
Council of Europe6,345,000Madrid
50%
Council of Europe16,555,000Moscow
50%
Council of Europe10,960,000Paris
50%
European Union5,700,000Ruhr Area
50%
United Nations24,315,000Seoul
50%
International Organization of Turkic Culture4,587,558Ankara
0%
International Organization of Turkic Culture3,125,000Baku
0%
Nordic Council2,057,142Copenhagen
0%
Nordic Council1,025,355Gothenburg
0%
Nordic Council1,495,271Helsinki
0%
International Organization of Turkic Culture13,860,000Istanbul
0%
International Organization of Turkic Culture2,847,691İzmir
0%
OPEC14,630,000Lagos
0%
OPEC7,645,000Luanda
0%
Nordic Council1,588,457Oslo
0%
Nordic Council2,377,081Stockholm
0%
International Organization of Turkic Culture2,371,269Tashkent
0%

Score Distribution

Percentile by Number Answered

Percent of People with Each Score

Your Score History

You have not taken this quiz